000 00320nam a22001457a 4500
008 210512b ||||| |||| 00| 0 eng d
020 _a9780028022406
041 _aeng
080 _a61
082 _a61
100 _a3
101 _aSHM
245 _aMedical Office Transcription
_cKaronne Becklin
942 _2udc
_cBK
999 _c57297
_d57297